000 00472nam a2200181Ia 4500
008 100917s9999 xx 000 0 und d
082 _b50585
100 _aसाठे ताराबाई
245 _aसंसद
260 _bकॉन्टिनेंटल प्रकाशन
_c1981
300 _a248
365 _b25
520 _aनिबंध
630 _aसंसद
650 _aनिबंध
730 _aसंसद
942 _cBOOK
999 _c655979
_d655976